• 首页
  • 本馆介绍
  • 公告通知
  • 最新文献
  • 馆藏检索
  • 电子资源
  • 读者导购
  • 参考咨询
  • 我的图书馆
  • 登录
  • 详细信息显示
  • 放入我的书架
  • 预约/预借图书
  • 作者相关作品
  • 分类相关作品
  • 丛书相关作品
  • 出版社相关作品

书目信息

  • 表格格式
  • 工作单格式
  • 卡片格式
题名:
学用电子邮件
    
 
作者: 李伯民 , 马梅 编著
分册:  
出版信息: 北京   电子工业出版社  1996
页数: 116页
开本: 26cm
丛书名: 计算机教育丛书
单 册:
中图分类: TN913.24
科图分类:
主题词: 数字通信-公用通信网 , 公用通信网-数字通信
电子资源:
ISBN: 7-5053-3908-7
000 00841nam2 2200277 45
001 0197103202
005 20070727171446.57
010    @a7-5053-3908-7@dCNY9.80
100    @a19960826d1996 em y0chiy0121 ea
101 0  @achi
102    @aCN@b110000
105    @ay z 000yy
200 10 @a学用电子邮件@AXUE YONG DIAN ZI YOU JIAN@f李伯民,马梅编著@FLI BO MIN , MA MEI BIAN ZHU
210    @a北京@c电子工业出版社@d1996
215    @a116页@d26cm
225 2  @a计算机教育丛书@i个人电脑系列
410  0 @120010@a计算机教育丛书
517 1  @a个人电脑系列@AGE REN DIAN NAO XI LIE
540 1  @a电子邮件@ADIAN ZI YOU JIAN
606    @a数字通信-公用通信网
606    @a公用通信网-数字通信
690    @aTN913.24@v4
701  0 @a李伯民@ALI BO MIN@4编著
701  0 @a马梅@AMA MEI@4编著
801  0 @aCN@bTSSF@c20070727
905    @a10447@dTN913.24@e66
    
    学用电子邮件/李伯民,马梅编著.-北京:电子工业出版社,1996
    116页;26cm.-(计算机教育丛书.个人电脑系列)
    
    
    ISBN 7-5053-3908-7:CNY9.80
    
●
相关链接 在E读中查询图书 在五车中查询图书 在当当中查询图书 在豆瓣中查询图书


正题名:学用电子邮件     索取号:TN913.24/66         预约/预借

序号 登录号 条形码 馆藏地/架位号 状态 备注
1 0784499   207844993   第三借阅区/ [索取号:TN913.24/66] 在馆    
唐山师范学院图书馆 欢迎您!
大连网信软件有限公司© 版权所有